| 000 | 00618nam a2200133Ia 4500 | ||
|---|---|---|---|
| 008 | 170221s9999 xx 000 0 und d | ||
| 100 | _aDiana F. Kajumova | ||
| 245 | 4 | _aThe Research of the Effectiveness of the Program on Formation of Patriotic Qualities of Pupils | |
| 245 | _cDiana F. Kajumova, Oxana V. Khasanova, Diana I. Khripkova, Aida G. Sadykova, Astrid V. Sharipova, Elmira M. Vildanova, Marina A. Zaichenko, Julia N. Ziatdinova | ||
| 260 | _bInternational Review of Management and Marketing | ||
| 260 | _c2013 | ||
| 650 | _xMarketing. | ||
| 856 | _uhttp://www.econjournals.com/index.php/irmm/issue/view/71 | ||
| 999 |
_c310492 _d310492 |
||